Vybrané smery prognózy ekonomického rozvoja SSR (prognostická štúdia vypracovaná na základe uznesenia vlády SSR č. 26/1983)

Bibliographic Details
Main Authors: Hoffmann, Pavel (Author), Markuš, Jozef, 1944-2025 (Author), Okáli, Ivan, 1929- (Author)
Format: Book
Language:Slovak
Published: Bratislava Ekonomický ústav SAV 1984
Series:Výskumné práce / Ekonomický ústav SAV 62
Subjects:

MARC

LEADER 00000nam a2200000 a 4500
001 vtls001094078
003 SK-MaSNL
005 20260301111315.0
008 240314s1984 xo y 0 slo
015 |a SNBA1985/04 
020 |c (200 výtl.) 
035 |a SNK000036920 
040 |a SNK  |b slo  |c SNK  |e AACR2 
041 0 |a slo  |b rus 
044 |a xo  |c SK 
080 |a 33(437.6)"313"  |2 1981 
100 1 |a Hoffmann, Pavel  |4 aut  |9 375535 
245 1 0 |a Vybrané smery prognózy ekonomického rozvoja SSR  |b (prognostická štúdia vypracovaná na základe uznesenia vlády SSR č. 26/1983)  |c spracovatelia: P. Hoffmann, J. Markuš, I. Okáli 
260 |a Bratislava  |b Ekonomický ústav SAV  |c 1984 
300 |a 128 s.  |c 21 cm 
490 0 |a Výskumné práce / Ekonomický ústav SAV  |v 62 
504 |a Obsahuje bibliografiu 
650 0 7 |a ekonomika  |2 SNKPH  |9 789 
650 0 7 |a ekonomický rozvoj  |2 SNKPH  |9 49952 
651 7 |a Slovensko  |2 SNKPHgeo 
655 7 |a štúdie  |2 SNKPH  |9 57033 
700 1 |a Markuš, Jozef,  |d 1944-2025  |4 aut  |9 226346 
700 1 |a Okáli, Ivan,  |d 1929-  |4 aut  |9 117216 
810 2 |a Slovenská akadémia vied.  |b Ekonomický ústav  |t Výskumné práce  |9 278701 
958 |a OND 
958 |a NB 
958 |a SP 
958 |a RM 
999 |c 706421  |d 708351 
952 |t P60, <03>, [BOOK], {603}  |a SNK  |b SNK  |y PREZ  |7 0  |o snkSC 62635  |i snkKSP 1626/85  |0 0  |1 0  |4 0  |d 1997-03-20  |l 0  |r 2004-12-31 00:00:00  |w 2026-02-23 
952 |t P60, <04>, [BOOK], {604}  |a SNK  |b SNK  |y VYP  |7 0  |p 17A0055252  |o snkSC 62635 D1  |i snkD 344/97  |0 0  |1 0  |4 0  |d 1997-03-20  |l 0  |r 2004-12-31 00:00:00  |w 2026-02-23 
952 |a SNK  |b SNK  |y PREZ  |7 0  |p 17A0916030  |o snkSC 62635  |0 0  |1 0  |4 0  |d 2012-08-07  |l 0  |r 2025-06-18 00:00:00  |w 2026-02-23